La práctica profesional del trabajador social: guía de análisis
Guardat en:
| Autors principals: | , , |
|---|---|
| Format: | Llibre |
| Idioma: | espanyol |
| Publicat: |
Buenos Aires
Humanistas
1998
|
| Edició: | 5a. ed |
| Col·lecció: | Colección Humanitas-Celats
|
| Matèries: | |
| Etiquetes: |
Afegir etiqueta
Sense etiquetes, Sigues el primer a etiquetar aquest registre!
|
MARC
| LEADER | 00000nam a2200000 a 4500 | ||
|---|---|---|---|
| 001 | UCN9999 | ||
| 003 | CL-VaPUC | ||
| 008 | 020103e19980000AG |||||||||||||||||spa|d | ||
| 020 | |a 9505821514 | ||
| 082 | 0 | 4 | |a 361 |b TOB |2 21 |
| 100 | 0 | |a Tobón, María Cecilia |e author |9 466583 | |
| 700 | 0 | |a Rottier, Norma |e author |9 466584 | |
| 700 | 0 | |a Manrique, Antonieta |e author |9 466585 | |
| 245 | 1 | 3 | |a La práctica profesional del trabajador social: guía de análisis |
| 250 | |a 5a. ed | ||
| 300 | |a 319 p | ||
| 942 | |c BK | ||
| 945 | |d 20020103 00:00:00 |a cmena | ||
| 260 | |a Buenos Aires |b Humanistas |c 1998 | ||
| 650 | 0 | |a Trabajo social |9 307856 | |
| 650 | 0 | |a Métodos de enseñanza |9 270413 | |
| 583 | |a last modification |c 20170911 04:20:42 |k Rodrigo Vera | ||
| 490 | 0 | |a Colección Humanitas-Celats | |
| 999 | |c 299075 |d 299073 | ||
| 952 | |0 0 |1 0 |4 0 |6 361_000000000000000_TOB_1998 |7 0 |8 R |9 355213 |a BIBGIM |b BIBGIM |d 2019-11-21 |i 3786579 |o 361 TOB 1998 |p 3786579 |r 2025-01-15 |w 2019-11-21 |y BK_R |k SSL | ||
| 952 | |0 0 |1 0 |4 0 |6 361_000000000000000_TOB_1998 |7 0 |8 R |9 355214 |a BIBGIM |b BIBGIM |d 2019-11-21 |i 4438329 |o 361 TOB 1998 |p 4438329 |r 2025-01-15 |w 2019-11-21 |y BK_R |k SSL | ||